000 00373nam a2200157Ia 4500
008 230917s9999||||xx |||||||||||||| ||und||
040 _e19539
_aMAIN
041 _aEnglish
082 _a519.2 C641E
100 _aCochran, William G
245 0 _aExperimental designs
250 _a2nd ed.
260 _aNew York
_bJohn Wiley
_c1957
300 _axiv,611 p.
942 _cBK
999 _c84622
_d84622